| 000 | 00857nam a2200253 i 4500 | ||
|---|---|---|---|
| 003 | DO-SdBNP | ||
| 005 | 20230920112222.0 | ||
| 007 | ta | ||
| 008 | 110413s2021 dr 000 0 spa d | ||
| 020 | _a789945621617 | ||
| 040 |
_aDO-SdBNP _bspa _cBNPHU _erda |
||
| 082 |
_bR426 _222 |
||
| 110 | 1 |
_aRepública Dominicana _bMinisterio de Salud Pública y Asistencia Social _978774 |
|
| 245 | 1 | 0 | _aReglamento técnico para el funcionamiento de las comisiones de veedurías ciudadanas en salud / |
| 264 |
_aSanto Domingo : _bMinisterio de Salud Pública y Asistencia Social, _c2021. |
||
| 300 |
_a29 páginas _c21 cm. |
||
| 336 |
_2rdacontent _atexto _btxt |
||
| 337 |
_2rdamedia _asin mediación _bn |
||
| 338 |
_2rdacarrier _avolumen _bnc |
||
| 504 | _aBibliografía p: 28-29 | ||
| 590 | _aInventariado, 2023/ YL | ||
| 910 | _aYLockward | ||
| 942 |
_2ddc _cLF2 |
||
| 999 |
_c54851 _d54851 |
||